[Event "FICGS rapid D 000064 email"]
[Site "FICGS email"]
[Date "2011.11.24"]
[Round "1"]
[White "Nath, Raj"]
[Black "Brulland, Emmanuel"]
[Result "0-1"]
[WhiteElo "1300"]
[BlackElo "1401"]
[PlyCount "20"]
[EventDate "2011.??.??"]
[EventType "tourn (rapid)"]
[EventRounds "1"]
[SourceTitle "Corr 2022"]
[Source "ChessBase"]
[SourceDate "2021.10.24"]
[SourceVersion "1"]
[SourceVersionDate "2021.10.24"]
[SourceQuality "1"]

1. c4 c5 2. Nc3 Nf6 3. Nf3 d6 4. g3 Nc6 5. Bg2 e5 6. 0-0 Be7 7. d3 0-0 8. Bg5 h6 9. Be3 Nd4 10. Nd5 Nxf3+ 0-1

[Event "FICGS rapid E 000067 email"]
[Site "FICGS email"]
[Date "2011.11.17"]
[Round "1"]
[White "Nath, Raj"]
[Black "Stoyanov, Zdravko"]
[Result "0-1"]
[WhiteElo "1300"]
[BlackElo "1281"]
[PlyCount "20"]
[EventDate "2011.??.??"]
[EventType "tourn (rapid)"]
[EventRounds "5"]
[SourceTitle "Corr 2013"]
[Source "ChessBase"]
[SourceDate "2012.11.12"]
[SourceVersion "1"]
[SourceVersionDate "2012.11.12"]
[SourceQuality "1"]

1. c4 c5 2. Nc3 Nc6 3. Nf3 e6 4. g3 h6 5. Bg2 Nf6 6. b3 Be7 7. 0-0 0-0 8. Bb2 e5 9. d3 d6 10. Qd2 Bg4 0-1

[Event "FICGS class C 000177 email"]
[Site "FICGS email"]
[Date "2011.10.19"]
[Round "1"]
[White "Nath, Raj"]
[Black "Alvar, Juan"]
[Result "0-1"]
[WhiteElo "1300"]
[BlackElo "1633"]
[PlyCount "20"]
[EventDate "2011.??.??"]
[EventType "tourn (corr)"]
[EventRounds "6"]
[SourceTitle "Corr 2022"]
[Source "ChessBase"]
[SourceDate "2021.10.24"]
[SourceVersion "1"]
[SourceVersionDate "2021.10.24"]
[SourceQuality "1"]

1. c4 e5 2. Nc3 Nf6 3. Nf3 Nc6 4. e4 Bb4 5. Be2 Bxc3 6. dxc3 0-0 7. 0-0 Nxe4 8. Bd3 Nf6 9. Re1 d6 10. b3 h6 0-1